| 000 | 00750nam a2200217Ia 4500 | ||
|---|---|---|---|
| 003 | GCL | ||
| 008 | 140319s9999 xx 000 0 ara d | ||
| 040 |
_aGCL / _cGCL |
||
| 082 | 0 | 4 |
_a686.23042 _bن ط |
| 100 | 1 | _aنورالدين احمد النادى | |
| 245 | 1 | 0 |
_aالطباعة الملونة / _cنورالدين احمد النادى |
| 250 | _aالاولى | ||
| 260 |
_aالاردن : _bمكتبة المجتمع العربى للنشر والتوزيع ، _c2004 |
||
| 300 |
_a93 ص ؛ _c24 سم |
||
| 650 | 0 | 4 | _aالطباعة |
| 650 | 0 | 4 | _aالطباعة الملونة |
| 650 | 0 | 4 | _aالطباعة - الطرق الفنية |
| 650 | 0 | 4 | _aالكتب - رسم وتصوير |
| 650 | 0 | 4 | _aالات الطباعة |
| 942 |
_2ddc _cBK |
||
| 999 |
_c46250 _d46250 |
||